00390nam a2200145Ia 4500003000500000008004100005020001800046040001900064082000700083100003100090245007400121260002900195300000800224546001200232STCL181203s9999 xx 000 0 und d a9788174950796 aSTCLbENcSTCL 222 aThomas Mathew Pothanamuzhi 0aWilla Cather's Spiritual Quest Novels: A Call for Faith and Tradition bMedia HouseaDelhic2001 a200 aEnglish